Districts of Pakistan - Statistics

General Stats
  • This quiz has been taken 303 times
  • The average score is 77 of 169
Answers on the Map
Answers color-coded by a green-red scale on the quiz's map according to % correct below.
 
Answer Stats
Province Division District % Correct
Punjab Lahore Division Lahore
80%
Khyber Pakhtunkhwa Peshawar Division Peshawar
80%
Balochistan Quetta Division Quetta
80%
Khyber Pakhtunkhwa Dera Ismail Khan Division Dera Ismail Khan
74%
Gilgit Baltistan Gilgit Division Gilgit
74%
Punjab Rawalpindi Division Rawalpindi
72%
Punjab Bahawalpur Division Bahawalpur
71%
Punjab Faisalabad Division Faisalabad
71%
Punjab Gujranwala Division Sialkot
70%
Balochistan Makran Division Gwadar
68%
Sindh Hyderabad Division Hyderabad
67%
Punjab Multan Division Multan
67%
Punjab Dera Ghazi Khan Division Dera Ghazi Khan
65%
Khyber Pakhtunkhwa Malakand Division Lower Dir
65%
Azad Kashmir Muzaffarabad Division Muzaffarabad
65%
Khyber Pakhtunkhwa Malakand Division Upper Dir
65%
Punjab Gujrat Division Gujrat
64%
Khyber Pakhtunkhwa Malakand Division Lower Chitral
64%
Punjab Sargodha Division Sargodha
64%
Khyber Pakhtunkhwa Malakand Division Upper Chitral
64%
Punjab Rawalpindi Division Attock
62%
Punjab Gujranwala Division Gujranwala
62%
Khyber Pakhtunkhwa Hazara Division Abbottabad
61%
Punjab Rawalpindi Division Jhelum
61%
Khyber Pakhtunkhwa Malakand Division Swat
61%
Punjab Bahawalpur Division Bahawalnagar
59%
Punjab Sargodha Division Mianwali
59%
Azad Kashmir Mirpur Division Mirpur
59%
Khyber Pakhtunkhwa Bannu Division North Waziristan
59%
Sindh Karachi Division Karachi East
57%
Punjab Lahore Division Kasur
57%
Sindh Larkana Division Larkana
57%
Khyber Pakhtunkhwa Dera Ismail Khan Division Lower South Waziristan
57%
Punjab Bahawalpur Division Rahim Yar Khan
57%
Khyber Pakhtunkhwa Dera Ismail Khan Division Upper South Waziristan
57%
Punjab Sargodha Division Bhakkar
55%
Khyber Pakhtunkhwa Malakand Division Central Dir
55%
Gilgit Baltistan Baltistan Division Skardu
55%
Balochistan Zhob Division Zhob
55%
Punjab Faisalabad Division Jhang
54%
Sindh Karachi Division Karachi South
54%
Sindh Karachi Division Karachi West
54%
Punjab Dera Ghazi Khan Division Layyah
54%
Khyber Pakhtunkhwa Hazara Division Mansehra
54%
Sindh Sukkur Division Sukkur
54%
Khyber Pakhtunkhwa Bannu Division Bannu
52%
Balochistan Makran Division Kech
52%
Khyber Pakhtunkhwa Kohat Division Kohat
52%
Khyber Pakhtunkhwa Hazara Division Lower Kohistan
52%
Khyber Pakhtunkhwa Mardan Division Mardan
52%
Punjab Sahiwal Division Okara
52%
Punjab Sahiwal Division Sahiwal
52%
Punjab Faisalabad Division Toba Tek Singh
52%
Khyber Pakhtunkhwa Hazara Division Upper Kohistan
52%
Punjab Rawalpindi Division Chakwal
51%
Punjab Lahore Division Nankana Sahib
51%
Punjab Gujranwala Division Narowal
51%
Punjab Dera Ghazi Khan Division Rajanpur
51%
Khyber Pakhtunkhwa Peshawar Division Khyber
49%
Khyber Pakhtunkhwa Kohat Division Kurram
49%
Balochistan Kalat Division Lasbela
49%
Punjab Dera Ghazi Khan Division Muzaffargarh
49%
Khyber Pakhtunkhwa Kohat Division Orakzai
49%
Balochistan Zhob Division Qilla Saifullah
49%
Sindh Hyderabad Division Badin
48%
Khyber Pakhtunkhwa Malakand Division Buner
48%
Balochistan Rakhsan Division Chagai
48%
Khyber Pakhtunkhwa Peshawar Division Charsadda
48%
Punjab Gujrat Division Hafizabad
48%
Sindh Karachi Division Karachi Central
48%
Balochistan Kalat Division Khuzdar
48%
Balochistan Loralai Division Loralai
48%
Khyber Pakhtunkhwa Peshawar Division Nowshera
48%
Balochistan Quetta Division Qila Abdullah
48%
Sindh Mirpur Khas Division Tharparkar
48%
Balochistan Quetta Division Chaman
46%
Punjab Faisalabad Division Chiniot
46%
Sindh Hyderabad Division Dadu
46%
Gilgit Baltistan Gilgit Division Hunza
46%
Sindh Larkana Division Jacobabad
46%
Balochistan Kalat Division Kalat
46%
Punjab Sargodha Division Khushab
46%
Khyber Pakhtunkhwa Mardan Division Swabi
46%
Balochistan Sibi Division Ziarat
46%
Balochistan Sibi Division Dera Bugti
45%
Khyber Pakhtunkhwa Hazara Division Haripur
45%
Khyber Pakhtunkhwa Bannu Division Lakki Marwat
45%
Sindh Hyderabad Division Thatta
45%
Sindh Mirpur Khas Division Umerkot
45%
Khyber Pakhtunkhwa Malakand Division Malakand
43%
Punjab Gujrat Division Mandi Bahaudin
43%
Khyber Pakhtunkhwa Peshawar Division Mohmand
43%
Punjab Rawalpindi Division Murree
43%
Gilgit Baltistan Gilgit Division Nagar
43%
Azad Kashmir Muzaffarabad Division Neelam Valley
43%
Balochistan Sibi Division Sibi
43%
Khyber Pakhtunkhwa Dera Ismail Khan Division Tank
43%
Khyber Pakhtunkhwa Hazara Division Batagram
42%
Azad Kashmir Mirpur Division Kotli
42%
Sindh Karachi Division Malir
42%
Sindh Shaheed Benazirabad Division Shaheed Benazirabad
42%
Punjab Multan Division Vehari
42%
Punjab Gujrat Division Wazirabad
42%
Khyber Pakhtunkhwa Malakand Division Bajaur
41%
Balochistan Sibi Division Harnai
41%
Sindh Sukkur Division Khairpur
41%
Punjab Sahiwal Division Pakpattan
41%
Balochistan Quetta Division Pishin
41%
Azad Kashmir Poonch Division Poonch
41%
Punjab Multan Division Sheikhupura
41%
Balochistan Kalat Division Awaran
39%
Azad Kashmir Mirpur Division Bhimber
39%
Balochistan Kalat Division Hub
39%
Balochistan Nasirabad Division Jafarabad
39%
Punjab Multan Division Khanewal
39%
Balochistan Rakhsan Division Kharan
39%
Balochistan Kalat Division Mastung
39%
Balochistan Loralai Division Musakhel
39%
Balochistan Nasirabad Division Nasirabad
39%
Sindh Hyderabad Division Tando Allahyar
39%
Balochistan Loralai Division Barkhan
38%
Sindh Sukkur Division Ghotki
38%
Sindh Larkana Division Kashmore
38%
Sindh Karachi Division Korangi
38%
Balochistan Zhob Division Sherani
38%
Sindh Hyderabad Division Jamshoro
36%
Balochistan Nasirabad Division Kachhi
36%
Sindh Mirpur Khas Division Mirpur Khas
36%
Khyber Pakhtunkhwa Malakand Division Shangla
36%
Balochistan Rakhsan Division Washuk
36%
Gilgit Baltistan Dimaer Division Astore
35%
Gilgit Baltistan Dimaer Division Diamer
35%
Khyber Pakhtunkhwa Kohat Division Karak
35%
Punjab Multan Division Lodhran
35%
Balochistan Rakhsan Division Nushki
35%
Sindh Larkana Division Shikarpur
35%
Punjab Dera Ghazi Khan Division Taunsa Sharif
35%
Khyber Pakhtunkhwa Hazara Division Tor Ghar
35%
Balochistan Loralai Division Duki
33%
Khyber Pakhtunkhwa Kohat Division Hangu
33%
Sindh Karachi Division Keamari
33%
Punjab Dera Ghazi Khan Division Kot Addu
33%
Balochistan Makran Division Panjgur
33%
Sindh Hyderabad Division Sujawal
33%
Azad Kashmir Poonch Division Haveli
32%
Balochistan Nasirabad Division Jhal Magsi
32%
Balochistan Sibi Division Kohlu
32%
Khyber Pakhtunkhwa Hazara Division Kolai-Palas
32%
Sindh Shaheed Benazirabad Division Naushahro Feroze
32%
Sindh Shaheed Benazirabad Division Sanghar
32%
Sindh Hyderabad Division Tando Muhammad Khan
32%
Sindh Larkana Division Qambar Shahdadkot
30%
Balochistan Kalat Division Surab
30%
Punjab Rawalpindi Division Talagang
30%
Balochistan Nasirabad Division Usta Muhammad
30%
Azad Kashmir Poonch Division Bagh
29%
Sindh Hyderabad Division Matiari
29%
Khyber Pakhtunkhwa Hazara Division Allai
28%
Balochistan Nasirabad Division Sohbatpur
28%
Gilgit Baltistan Baltistan Division Ghanche
26%
Azad Kashmir Muzaffarabad Division Hattian
25%
Gilgit Baltistan Baltistan Division Shigar
25%
Gilgit Baltistan Gilgit Division Ghizer
23%
Azad Kashmir Poonch Division Sudhanoti
23%
Gilgit Baltistan Gilgit Division Gupis-Yasin
20%
Gilgit Baltistan Baltistan Division Kharmang
20%
Gilgit Baltistan Dimaer Division Tangir
16%
Gilgit Baltistan Dimaer Division Darel
14%
Gilgit Baltistan Baltistan Division Roundu
13%
No matching quizzes found
Score Distribution
Percent of People with Each Score
Percentile by Number Answered
Your Score History
You have not taken this quiz